000 01021nam a22003251 4500
001 4062646
003 OSt
005 20140310181626.0
008 850826s1968 ilua j b 000 0beng
010 _a 67020103
040 _aDLC
_cDLC
_dDLC
042 _alcac
050 0 0 _aCT 1098
_b.R514 1968
082 0 0 _aREF 920
_bSch1 1968
100 1 _aRichards, Kenneth G.,
_d1926-
245 1 0 _aPeople of destiny :
_cby Kenneth G. Richards.
_bAlbert Schweitzer /
260 _aChicago,
_bChildrens Press
_cc1968
300 _a94 p.
_billus.
_c29 cm.
440 0 _aPeople of destiny
500 _aIncludes Bibliography & index
504 _aBibliography: p. 90-91.
520 _a1. Schweitzer, Albert
521 _aBasic Ed. Students
541 _j1
562 _eFor circulation. 1 copy in the collection
600 1 0 _aSchweitzer, Albert,
_d1875-1965
_xJuvenile literature.
600 1 1 _aSchweitzer, Albert,
_d1875-1965.
906 _a7
_bcbc
_corignew
_du
_eocip
_f19
_gy-gencatlg
942 _2lcc
_cBK-GR
_kREF
999 _c303
_d303